Biblioteca y Centro de Documentación

Dictamen 6-1999, sobre el Anteproyecto de Ley de Responsabilidad Civil derivada de actividades con incidencia ambiental (Registro nro. 43955)

Detalles MARC
000 -CABECERA
Longitud fija campo de control 01745nam a2200409 c 4500
001 - NÚMERO DE CONTROL
Número de control 43955
003 - IDENTIFICADOR DE NÚMERO DE CONTROL
Identificador del número de control ES-MaCES
005 - FECHA Y HORA DE LA ÚLTIMA TRANSACCIÓN
Fecha y hora de la última transacción 20210721182341.0
007 - PHYSICAL DESCRIPTION FIXED FIELD--GENERAL INFORMAT
Campo fijo de descripción física cr |||||||||||
008 - CAMPO FIJO DE DESCRIPCIÓN FIJA--INFORMACIÓN GENERAL
Códigos de información de longitud fija   021114s1999 sp |||||||||||00||0 spa|d
035 ## - NÚMERO DE CONTROL DEL SISTEMA
Número de control del sistema 0008600000087
040 ## - FUENTE DE CATALOGACIÓN
Centro catalogador de origen ES-MaCES
Lengua de catalogación spa
Centro transcriptor ES-MaCES
245 00 - MENCIÓN DE TÍTULO
Título Dictamen 6-1999, sobre el Anteproyecto de Ley de Responsabilidad Civil derivada de actividades con incidencia ambiental
300 ## - DESCRIPCIÓN FÍSICA
Extensión 16 p. (36 Kb.)
593 ## - CES. DATOS DICTAMEN
Comisión de trabajo Políticas Sectoriales y Medio Ambiente
Identificador D-006-1999
Fecha dictamen 19990428
Tipo trámite Ordinaria
Tipo sesión Pleno extraordinario
Votos aprobados Presentes 50: 32 sí, 18 no
Votos particulares 1: Grupo Segundo
650 #4 - ASIENTO SECUNDARIO DE MATERIA--TÉRMINO DE MATERIA
Término de materia o nombre geográfico como elemento inicial derecho medioambiental
9 (RLIN) 30801
650 #4 - ASIENTO SECUNDARIO DE MATERIA--TÉRMINO DE MATERIA
Término de materia o nombre geográfico como elemento inicial degradación del medio ambiente
9 (RLIN) 30722
650 #4 - ASIENTO SECUNDARIO DE MATERIA--TÉRMINO DE MATERIA
Término de materia o nombre geográfico como elemento inicial protección ambiental
9 (RLIN) 29423
650 #4 - ASIENTO SECUNDARIO DE MATERIA--TÉRMINO DE MATERIA
Término de materia o nombre geográfico como elemento inicial responsabilidad civil
9 (RLIN) 29046
653 10 - TÉRMINO DE INDEXACIÓN--NO CONTROLADO
Término no controlado Medio ambiente
650 #4 - ASIENTO SECUNDARIO DE MATERIA--TÉRMINO DE MATERIA
9 (RLIN) 30344
Término de materia o nombre geográfico como elemento inicial evaluación del impacto ambiental
650 #4 - ASIENTO SECUNDARIO DE MATERIA--TÉRMINO DE MATERIA
9 (RLIN) 28715
Término de materia o nombre geográfico como elemento inicial medio ambiente
700 1# - ENCABEZAMIENTO SECUNDARIO--NOMBRE PERSONAL
Nombre de persona Suárez García, Roberto
Término indicativo de función interviniente
9 (RLIN) 24530
700 1# - ENCABEZAMIENTO SECUNDARIO--NOMBRE PERSONAL
Nombre de persona Cavada Hoyo, José de la
Término indicativo de función interviniente
9 (RLIN) 9348
700 1# - ENCABEZAMIENTO SECUNDARIO--NOMBRE PERSONAL
Nombre de persona Gualda Alcalá, Francisco José
Término indicativo de función interviniente
9 (RLIN) 14180
700 1# - ENCABEZAMIENTO SECUNDARIO--NOMBRE PERSONAL
Nombre de persona Pastor Rodríguez-Ponga, José Luis
Término indicativo de función interviniente
9 (RLIN) 20466
700 1# - ENCABEZAMIENTO SECUNDARIO--NOMBRE PERSONAL
Nombre de persona Joya Verde, Antonino
Término indicativo de función interviniente
9 (RLIN) 15560
700 1# - ENCABEZAMIENTO SECUNDARIO--NOMBRE PERSONAL
Nombre de persona García Callejo, José María
Término indicativo de función interviniente
9 (RLIN) 12805
700 1# - ENCABEZAMIENTO SECUNDARIO--NOMBRE PERSONAL
Nombre de persona Nava Cano, Juan José
Término indicativo de función interviniente
9 (RLIN) 19502
700 1# - ENCABEZAMIENTO SECUNDARIO--NOMBRE PERSONAL
Nombre de persona García Callejo, José María
Término indicativo de función ponente
9 (RLIN) 12805
700 1# - ENCABEZAMIENTO SECUNDARIO--NOMBRE PERSONAL
9 (RLIN) 11498
Nombre de persona Estrada López, Bruno
Término indicativo de función interviniente
710 1# - ENCABEZAMIENTO SECUNDARIO--NOMBRE CORPORATIVO
Nombre de entidad o nombre de jurisdicción como elemento inicial España
Unidad subordinada Ministerio de Medio Ambiente
Término indicativo de función solicitante
9 (RLIN) 3259
856 ## - ACCESO ELECTRÓNICO
Identificador Uniforme del Recurso (URI) <a href="http://www.ces.es/documents/DIC/1999/06">http://www.ces.es/documents/DIC/1999/06</a>
Texto del enlace texto completo
902 ## - CES. TIPO DE DOCUMENTO
Tipodoc (006$c Sirtex) Dictamen
942 ## - ELEMENTOS KOHA
Fuente de clasificaión o esquema Clasificación propia del CES
Koha [por defecto] tipo de item Dictámenes/Informes/Memorias CES
Parte de clasificación 4.2.

No hay ítems disponibles.

© CES, Consejo Económico y Social de España 2021